000 00274nam a22001337a 4500
008 181008b xxu||||| |||| 00| 0 eng d
020 _a0906923352
041 _aeng
080 _a573
100 _a9
101 _aIMU
245 _aImmunology
_cRoitt, I
942 _2udc
_cBK
999 _c49078
_d49078